Loading...
| History - Other | 0 | 6 | 0 | 3 | 60 | 63 | 97.67 | 1 | 1 | 0.00 | 0.00 |
| Science - Physics | 0 | 6 | 2 | 3 | 50 | 69 | 88.67 | 0 | 0 | 0.00 | 0.00 |
| Science - Other | 0 | 6 | 2 | 1 | 50 | 57 | 89.00 | 0 | 0 | 0.00 | 0.00 |
| History - World | 0 | 3 | 0 | 1 | 30 | 42 | 62.00 | 0 | 1 | 0.00 | 0.00 |
| History - American | 0 | 3 | 0 | 1 | 30 | 67 | 77.67 | 0 | 1 | 0.00 | 0.00 |
| Literature - World | 0 | 3 | 1 | 0 | 25 | 49 | 74.00 | 1 | 2 | 0.00 | 0.00 |
| Fine Arts - Classical Music | 0 | 3 | 1 | 0 | 25 | 68 | 85.33 | 0 | 1 | 0.00 | 0.00 |
| History - European | 0 | 3 | 1 | 0 | 25 | 49 | 68.67 | 0 | 1 | 0.00 | 0.00 |
| Philosophy | 0 | 3 | 1 | 0 | 25 | 50 | 70.67 | 2 | 2 | 0.00 | 0.00 |
| Literature - British | 0 | 3 | 1 | 0 | 25 | 114 | 116.00 | 0 | 0 | 0.00 | 0.00 |
| Literature - European | 0 | 3 | 1 | 0 | 25 | 88 | 100.67 | 0 | 0 | 0.00 | 0.00 |
| Literature - American | 0 | 2 | 0 | 0 | 20 | 62 | 71.00 | 0 | 1 | 0.00 | 0.00 |
| Social Science | 0 | 2 | 1 | 0 | 15 | 41 | 41.50 | 0 | 2 | 0.00 | 0.00 |
| Painting/Sculpture | 0 | 2 | 1 | 0 | 15 | 83 | 89.00 | 0 | 0 | 0.00 | 0.00 |
| Science - Biology | 0 | 2 | 1 | 1 | 15 | 97 | 97.50 | 0 | 1 | 0.00 | 0.00 |
| Religion | 0 | 2 | 2 | 1 | 10 | 94 | 102.50 | 0 | 0 | 0.00 | 0.00 |
| Science - Chemistry | 0 | 1 | 1 | 0 | 5 | 59 | 59.00 | 0 | 0 | 0.00 | 0.00 |
| Geography | 0 | 1 | 1 | 0 | 5 | 110 | 110.00 | 0 | 0 | 0.00 | 0.00 |
| Mythology | 0 | 1 | 1 | 1 | 5 | 108 | 108.00 | 0 | 0 | 0.00 | 0.00 |
| Current Events | 0 | 1 | 2 | 1 | 0 | 109 | 109.00 | 0 | 0 | 0.00 | 0.00 |
| Fine Arts - Other | 0 | 2 | 5 | 0 | -5 | 96 | 104.00 | 0 | 0 | 0.00 | 0.00 |